LEADER 01157nam a2200313 i 4500 001 991004050569707536 005 20020509153132.0 008 010130s1999 it ||| | ita 020 $a8879460277 035 $ab11254476-39ule_inst 035 $aPARLA193955$9ExL 040 $aDip.to Scienze pedagogiche$bita 082 0 $a372.73044 100 1 $aAbbott, Robert$0540835 245 10$aPercentuali :$bfrazioni B /$cRobert Abbott et al 250 $a4. rist 260 $aTrento :$bErickson,$c1999 300 $a2 t. (VIII, 136 ;$c126 p.) ;$c30 cm. 490 0 $aMateriali di recupero e sostegno 490 0 $aProgramma individualizzato di matematica ;$v6 500 $aTomo 1: volume per l'insegnante. Tomo 2: materiali per l'alunno. 500 $aTit. orig.: Mastering math. 650 4$aMatematica - Insegnamento$xScuola elementare 907 $a.b11254476$b23-02-17$c01-07-02 912 $a991004050569707536 945 $aLE022 372 ABB01.01 V. 6$g1$i2022000016629$lle022$o-$pE0.00$q-$rl$s- $t0$u0$v0$w0$x0$y.i11415605$z01-07-02 996 $aPercentuali$9868172 997 $aUNISALENTO 998 $ale022$b01-01-01$cm$da $e-$fita$git $h0$i1 LEADER 00935nam0-2200277 --450 001 9910738200203321 005 20230906115841.0 017 70$a194037$2U 020 $aIT$b1940 7084 100 $a20230906d1940----kmuy0itay5050 ba 101 0 $aita 102 $aIT 105 $a 001yy 200 1 $a<>variazione della pena Pro modo admissi nella Cognitio extra ordinem e nel processo postclassico$econtributo alla Teoria generale delle circostanze del reato 210 $aBari$cL. Macrì$d1940 215 $a156 p. 300 $aL. 50. 676 $a340$v23$zita 700 1$aDe Robertis,$bFrancesco M.$0187089 801 0$aIT$bUNINA$gREICAT$2UNIMARC 901 $aBK 912 $a9910738200203321 952 $aFONDO PROFESSOR ANTONIO GUARINO IV F 15$bG/1100$fFGBC 959 $aFGBC 996 $aVariazione della pena Pro modo admissi nella Cognitio extra ordinem e nel processo postclassico$93529478 997 $aUNINA